[Event "Madrid-ch 2020-2021 - Previa A"]
[Site "Madrid ESP"]
[Date "2021.02.09"]
[Round "2.12"]
[White "Diaz-Roncero Gonzalez, Daniel"]
[Black "Torres Rebolledo, Marcos"]
[Result "1-0"]
[WhiteElo "1552"]
[BlackElo "1334"]
[PlyCount "43"]
[EventDate "2021.02.08"]
[EventType "swiss"]
[EventRounds "9"]
[EventCountry "ESP"]
[SourceTitle "Ajedrez en Madrd"]
[Source "lmi"]
[SourceDate "2021.02.08"]
[SourceVersion "1"]
[SourceVersionDate "2021.03.04"]
[SourceQuality "1"]

1. e4 c5 2. c3 Nf6 3. e5 Nd5 4. d4 cxd4 5. Nf3 d6 6. cxd4 Nc6 7. Bc4 Nb6 8. Bb3
dxe5 9. Nxe5 Nxe5 10. dxe5 Qxd1+ 11. Bxd1 Bf5 12. O-O e6 13. Be3 Nc4 14. Ba4+
Kd8 15. Rd1+ Kc8 16. Rc1 Be7 17. Nd2 a6 18. Bb6 Bd3 19. Nxc4 Bxc4 20. Rxc4+ Kb8
21. Rac1 a5 22. Bd7 1-0

[Event "Madrid-ch 2020-2021 - Previa A"]
[Site "Madrid ESP"]
[Date "2021.02.10"]
[Round "3.1"]
[White "Vukotic Jovsic, Dragan"]
[Black "Barahona Torrijos, Angel"]
[Result "0-1"]
[WhiteElo "1879"]
[BlackElo "1842"]
[PlyCount "82"]
[EventDate "2021.02.08"]
[EventType "swiss"]
[EventRounds "9"]
[EventCountry "ESP"]
[SourceTitle "Ajedrez en Madrd"]
[Source "lmi"]
[SourceDate "2021.02.08"]
[SourceVersion "1"]
[SourceVersionDate "2021.03.04"]
[SourceQuality "1"]

1. d4 Nf6 2. Nf3 d5 3. c4 e6 4. Nc3 Bb4 5. Bg5 c5 6. e3 Qa5 7. Bxf6 Bxc3+ 8.
bxc3 Qxc3+ 9. Nd2 gxf6 10. cxd5 exd5 11. Rc1 Qa3 12. Rxc5 Nc6 13. Bb5 Bd7 14.
Qc2 a6 15. Bxc6 bxc6 16. O-O Rb8 17. Nb3 Rb5 18. Rc3 Qd6 19. Nc5 Rb6 20. Ra3
Rg8 21. Qxh7 Rg6 22. Rxa6 Rxa6 23. Nxa6 Qe6 24. Rb1 Qe4 25. Rb8+ Ke7 26. Kf1
Qxg2+ 27. Ke2 Bg4+ 28. Kd3 Qf1+ 29. Kc3 Qxa6 30. Qh8 Qa3+ 31. Rb3 Qc1+ 32. Kb4
Bd1 33. h4 Qc4+ 34. Ka3 Bxb3 35. axb3 Qa6+ 36. Kb4 Qb6+ 37. Kc3 c5 38. h5 Qb4+
39. Kd3 Qxb3+ 40. Ke2 Qc2+ 41. Kf3 Qd1+ 0-1

[Event "Madrid-ch 2020-2021 - Previa A"]
[Site "Madrid ESP"]
[Date "2021.02.10"]
[Round "3.2"]
[White "Rico Jimenez, Samuel"]
[Black "Morera Rodriguez, Ignacio"]
[Result "0-1"]
[WhiteElo "1834"]
[BlackElo "1924"]
[PlyCount "46"]
[EventDate "2021.02.08"]
[EventType "swiss"]
[EventRounds "9"]
[EventCountry "ESP"]
[SourceTitle "Ajedrez en Madrd"]
[Source "lmi"]
[SourceDate "2021.02.08"]
[SourceVersion "1"]
[SourceVersionDate "2021.03.04"]
[SourceQuality "1"]

1. e4 c5 2. Nf3 d6 3. d4 cxd4 4. Nxd4 Nf6 5. Nc3 a6 6. Qe2 e5 7. Nf5 d5 8. Bg5
d4 9. O-O-O Be6 10. f4 Qa5 11. Nd5 Nxd5 12. exd5 Qxd5 13. Ne3 Qxa2 14. Nc4 Qa1+
15. Kd2 Bb4+ 16. c3 Bxc3+ 17. Kc2 Qa4+ 18. Kc1 Bxc4 19. Qxe5+ Be6 20. bxc3 Qa1+
21. Kc2 Qxc3+ 22. Kb1 Nc6 23. Qxg7 Ba2+ 0-1

[Event "Madrid-ch 2020-2021 - Previa A"]
[Site "Madrid ESP"]
[Date "2021.02.10"]
[Round "3.3"]
[White "Giron Herranz, Juan"]
[Black "Gutierrez Diaz, Pablo"]
[Result "1/2-1/2"]
[WhiteElo "1796"]
[BlackElo "1879"]
[PlyCount "73"]
[EventDate "2021.02.08"]
[EventType "swiss"]
[EventRounds "9"]
[EventCountry "ESP"]
[SourceTitle "Ajedrez en Madrd"]
[Source "lmi"]
[SourceDate "2021.02.08"]
[SourceVersion "1"]
[SourceVersionDate "2021.03.04"]
[SourceQuality "1"]

1. d4 f5 2. e4 d6 3. Nc3 Nf6 4. Bd3 e6 5. Nf3 Be7 6. exf5 exf5 7. d5 O-O 8. O-O
Ng4 9. Ne2 g5 10. Ned4 f4 11. Re1 Bf6 12. Ne6 Bxe6 13. Rxe6 Ne5 14. Nxe5 dxe5
15. Qh5 Qd7 16. Bd2 Qf7 17. Qh3 Nd7 18. Bc3 Rfe8 19. Re1 Nf8 20. Bxe5 Nxe6 21.
dxe6 Rxe6 22. Bc4 Rae8 23. Bxe6 Rxe6 24. Bc3 Rxe1+ 25. Bxe1 Qe8 26. Qb3+ Kg7
27. Bc3 Qe2 28. Bxf6+ Kxf6 29. Qc3+ Kg6 30. h3 Qd1+ 31. Kh2 Qd6 32. Kg1 h5 33.
Qe1 Kf5 34. Qe2 Kg6 35. Kf1 Qd5 36. c4 Qd4 37. Qe6+ 1/2-1/2

[Event "Madrid-ch 2020-2021 - Previa A"]
[Site "Madrid ESP"]
[Date "2021.02.10"]
[Round "3.4"]
[White "Torres Rebolledo, Victor"]
[Black "Martin Garcia, Francisco Javier"]
[Result "1-0"]
[WhiteElo "1818"]
[BlackElo "1446"]
[PlyCount "119"]
[EventDate "2021.02.08"]
[EventType "swiss"]
[EventRounds "9"]
[EventCountry "ESP"]
[SourceTitle "Ajedrez en Madrd"]
[Source "lmi"]
[SourceDate "2021.02.08"]
[SourceVersion "1"]
[SourceVersionDate "2021.03.04"]
[SourceQuality "1"]

1. d4 Nf6 2. c4 g6 3. Nc3 d5 4. cxd5 Nxd5 5. e4 Nxc3 6. bxc3 Bg7 7. Nf3 c5 8.
Be2 Nc6 9. Be3 O-O 10. Qd2 Qa5 11. Rb1 Rd8 12. Rb5 Qa3 13. O-O cxd4 14. cxd4
Bg4 15. d5 b6 16. Rb3 Qd6 17. dxc6 Qxd2 18. Bxd2 Bxf3 19. Bxf3 Rxd2 20. Rc1 Rc8
21. a4 Bd4 22. Rc4 Bxf2+ 23. Kf1 Bc5 24. e5 Rf2+ 25. Ke1 Rxf3 26. gxf3 Rxc6 27.
Ke2 g5 28. Kd3 Rh6 29. Rb2 Rh3 30. Ke4 Rh4+ 31. Kd3 Rh3 32. Ke4 e6 33. Rg2 h6
34. a5 Rh4+ 35. Kd3 Rxc4 36. Kxc4 Be3 37. a6 Kg7 38. Re2 Bf4 39. h3 Kg8 40. Kb5
f6 41. exf6 Kf7 42. Kc6 b5 43. Kb7 Bd6 44. Kxa7 Bc5+ 45. Kb7 Kxf6 46. Kc6 Bd4
47. Re4 Bf2 48. Kxb5 Kf5 49. Kc6 h5 50. Kb7 e5 51. a7 Bxa7 52. Kxa7 h4 53. Kb6
Kf6 54. Kc6 Ke6 55. Rg4 Kf6 56. Kd6 Kf5 57. Ke7 Kg6 58. Ke6 Kh6 59. Kf6 e4 60.
fxe4 1-0

[Event "Madrid-ch 2020-2021 - Previa A"]
[Site "Madrid ESP"]
[Date "2021.02.10"]
[Round "3.5"]
[White "Sanchez Romeralo, Jaime"]
[Black "Tapia Sanchez, Jose Manuel"]
[Result "0-1"]
[WhiteElo "1755"]
[BlackElo "1738"]
[PlyCount "86"]
[EventDate "2021.02.08"]
[EventType "swiss"]
[EventRounds "9"]
[EventCountry "ESP"]
[SourceTitle "Ajedrez en Madrd"]
[Source "lmi"]
[SourceDate "2021.02.08"]
[SourceVersion "1"]
[SourceVersionDate "2021.03.04"]
[SourceQuality "1"]

1. Nf3 c5 2. c4 e6 3. Nc3 a6 4. d4 cxd4 5. Nxd4 Qc7 6. e4 Nf6 7. Be2 Bb4 8. Qd3
d5 9. exd5 exd5 10. Bd2 O-O 11. Nxd5 Nxd5 12. cxd5 Bd6 13. Rc1 Qe7 14. O-O Bd7
15. g3 Bc5 16. Rfe1 Qd6 17. Bf3 Bh3 18. Bf4 Qb6 19. Be3 Nd7 20. Nb3 Rfe8 21.
Nxc5 Nxc5 22. Rxc5 Qxc5 23. Bg2 Qa5 24. Rc1 Bxg2 25. Kxg2 Rad8 26. d6 Qb5 27.
Qa3 Qd5+ 28. Kg1 Qxd6 29. Qb3 Qd5 30. Qa3 Rc8 31. Rf1 Re6 32. Qa4 Rce8 33. a3
Qf3 34. Bd2 h5 35. h4 Re4 36. Qd7 R8e7 37. Qd8+ Kh7 38. Bc3 R7e6 39. Qc7 g5 40.
Qd8 Re8 41. Qxg5 Rg8 42. Qd2 Rxh4 43. Qc2+ f5 0-1

[Event "Madrid-ch 2020-2021 - Previa A"]
[Site "Madrid ESP"]
[Date "2021.02.10"]
[Round "3.6"]
[White "Pujante Martinez, Rafael"]
[Black "Diaz-Roncero Gonzalez, Daniel"]
[Result "0-1"]
[WhiteElo "1911"]
[BlackElo "1552"]
[PlyCount "70"]
[EventDate "2021.02.08"]
[EventType "swiss"]
[EventRounds "9"]
[EventCountry "ESP"]
[SourceTitle "Ajedrez en Madrd"]
[Source "lmi"]
[SourceDate "2021.02.08"]
[SourceVersion "1"]
[SourceVersionDate "2021.03.04"]
[SourceQuality "1"]

1. e4 c5 2. Nc3 d6 3. Nge2 Nf6 4. d4 cxd4 5. Nxd4 a6 6. g3 e5 7. Nb3 b5 8. Bg2
Bb7 9. Bg5 Nbd7 10. h3 Be7 11. Qd2 Nxe4 12. Nxe4 Bxg5 13. Qxd6 Be7 14. Qd2 Nb6
15. Qe2 Qc7 16. O-O O-O 17. Na5 Bd5 18. Rfd1 Rad8 19. c3 f5 20. Nd2 Na4 21.
Ndb3 e4 22. Rac1 Nc5 23. Nxc5 Bxc5 24. Nb3 Bxb3 25. axb3 Qxg3 26. c4 Rxd1+ 27.
Rxd1 Qxb3 28. cxb5 axb5 29. Rc1 Bd4 30. Rc2 Ra8 31. Qd1 Rd8 32. Qc1 Qe6 33. Rc6
Qe8 34. Qc2 Kh8 35. Qb3 Qxc6 0-1

[Event "Madrid-ch 2020-2021 - Previa A"]
[Site "Madrid ESP"]
[Date "2021.02.10"]
[Round "3.7"]
[White "De Luna Butz, Alberto"]
[Black "Darrazi Anbari, Munir"]
[Result "1-0"]
[WhiteElo "1691"]
[BlackElo "1376"]
[PlyCount "123"]
[EventDate "2021.02.08"]
[EventType "swiss"]
[EventRounds "9"]
[EventCountry "ESP"]
[SourceTitle "Ajedrez en Madrd"]
[Source "lmi"]
[SourceDate "2021.02.08"]
[SourceVersion "1"]
[SourceVersionDate "2021.03.04"]
[SourceQuality "1"]

1. d4 Nf6 2. Bf4 e6 3. e3 d5 4. c4 Bd6 5. Bg3 O-O 6. Nc3 b6 7. Nf3 Bb7 8. Bd3
dxc4 9. Bxc4 Ne4 10. O-O Bxg3 11. hxg3 Nd7 12. Qc2 Nxc3 13. Qxc3 c5 14. Rfd1
Qe7 15. Rac1 cxd4 16. Nxd4 Rac8 17. Nb5 Bd5 18. Qd4 Nf6 19. Bxd5 Nxd5 20. e4
Nf6 21. e5 Nd5 22. Nd6 Rc7 23. Qd2 f6 24. Rxc7 Qxc7 25. Rc1 Qe7 26. f4 h6 27.
a3 fxe5 28. fxe5 Qg5 29. Qxg5 hxg5 30. Rf1 Rxf1+ 31. Kxf1 Ne3+ 32. Ke2 Nf5 33.
Nc8 Nd4+ 34. Ke3 Nf5+ 35. Kf3 Nd4+ 36. Kg4 Nc6 37. Kxg5 Nxe5 38. Nxa7 Nc4 39.
Nc8 b5 40. Na7 Nxb2 41. Nxb5 Kf7 42. Nc3 Nc4 43. a4 g6 44. Ne2 e5 45. Nc3 Na5
46. Ne4 Nc4 47. Nc5 Na5 48. Nd7 Ke6 49. Nf8+ Kd5 50. Nxg6 e4 51. Kf4 Kd4 52.
Ne7 Kd3 53. Nf5 Nc4 54. g4 e3 55. Ng3 Kd4 56. g5 Kd5 57. Ne2 Ke6 58. Ke4 Nd6+
59. Kxe3 Kf5 60. Kd4 Kxg5 61. Kc5 Nb7+ 62. Kb6 1-0

[Event "Madrid-ch 2020-2021 - Previa A"]
[Site "Madrid ESP"]
[Date "2021.02.10"]
[Round "3.10"]
[White "Villodre Miranda, Juan Alonso"]
[Black "Hernandez Brea, Rolando"]
[Result "1-0"]
[WhiteElo "1577"]
[BlackElo "1455"]
[PlyCount "91"]
[EventDate "2021.02.08"]
[EventType "swiss"]
[EventRounds "9"]
[EventCountry "ESP"]
[SourceTitle "Ajedrez en Madrd"]
[Source "lmi"]
[SourceDate "2021.02.08"]
[SourceVersion "1"]
[SourceVersionDate "2021.03.04"]
[SourceQuality "1"]

1. c4 c5 2. e4 Nc6 3. Nc3 e6 4. g3 b6 5. Bg2 Bb7 6. d3 g6 7. Nge2 Bg7 8. Nb5 d6
9. O-O a6 10. Nbc3 Nge7 11. h3 O-O 12. a4 Qd7 13. Rb1 Nb4 14. b3 Nec6 15. Qd2
f5 16. Na2 fxe4 17. Nxb4 Nxb4 18. dxe4 d5 19. exd5 exd5 20. Ba3 Nc6 21. Qxd5+
Qxd5 22. Bxd5+ Kh8 23. Bb2 Ra7 24. Bxg7+ Kxg7 25. Rfe1 g5 26. Rbd1 Na5 27. Bxb7
Rxb7 28. Nc1 Nc6 29. Kg2 a5 30. Re3 Rbf7 31. Rd2 Nd4 32. Rb2 Kg6 33. Nd3 Kh6
34. f4 gxf4 35. Nxf4 Rf6 36. Nd5 Rg6 37. Rf2 Rxf2+ 38. Kxf2 Rd6 39. g4 Kg6 40.
Kg3 h5 41. Nf4+ Kh6 42. Nxh5 Nf5+ 43. gxf5 Kxh5 44. Kf4 Rd4+ 45. Ke5 Kg5 46.
Rg3+ 1-0

[Event "Madrid-ch 2020-2021 - Previa A"]
[Site "Madrid ESP"]
[Date "2021.02.10"]
[Round "3.11"]
[White "Giron Herranz, Ivan"]
[Black "Suhayl, Muminov"]
[Result "1-0"]
[WhiteElo "1380"]
[BlackElo "1510"]
[PlyCount "81"]
[EventDate "2021.02.08"]
[EventType "swiss"]
[EventRounds "9"]
[EventCountry "ESP"]
[SourceTitle "Ajedrez en Madrd"]
[Source "lmi"]
[SourceDate "2021.02.08"]
[SourceVersion "1"]
[SourceVersionDate "2021.03.04"]
[SourceQuality "1"]

1. d4 Nf6 2. Bg5 d6 3. Bxf6 exf6 4. e3 g6 5. g3 Bg7 6. Bg2 c6 7. Ne2 O-O 8. O-O
Qb6 9. Nbc3 Qxb2 10. Rb1 Qa3 11. Rb3 Qa5 12. Qb1 f5 13. Nf4 Nd7 14. Nce2 Nf6
15. Qb2 Ne4 16. c3 Qc7 17. c4 Rb8 18. Qc2 Re8 19. Nc1 c5 20. Nd5 Qc6 21. dxc5
dxc5 22. Bxe4 fxe4 23. Ne2 Bg4 24. Nec3 f5 25. Rfb1 b6 26. a4 Bxc3 27. Qxc3 Kf7
28. a5 b5 29. Rxb5 Rxb5 30. Rxb5 f4 31. Nxf4 Be6 32. Nxe6 Kxe6 33. Kf1 Rd8 34.
Qc2 Rd3 35. Rb3 Rd7 36. Ke2 Kf6 37. Rb1 Re7 38. Rd1 Re5 39. Qd2 Re6 40. Qd8+
Kg7 41. Rd7+ 1-0

[Event "Madrid-ch 2020-2021 - Previa A"]
[Site "Madrid ESP"]
[Date "2021.02.10"]
[Round "3.14"]
[White "Peña Gutierrez, Jacobo"]
[Black "Pashov, Spas Nikolov"]
[Result "1/2-1/2"]
[WhiteElo "1151"]
[BlackElo "1819"]
[PlyCount "53"]
[EventDate "2021.02.08"]
[EventType "swiss"]
[EventRounds "9"]
[EventCountry "ESP"]
[SourceTitle "Ajedrez en Madrd"]
[Source "lmi"]
[SourceDate "2021.02.08"]
[SourceVersion "1"]
[SourceVersionDate "2021.03.04"]
[SourceQuality "1"]

1. d4 Nf6 2. c4 g6 3. Nc3 d5 4. Bf4 Bg7 5. e3 O-O 6. Nf3 c5 7. h3 cxd4 8. exd4
Nc6 9. Be2 a6 10. O-O dxc4 11. Bxc4 b5 12. Be2 e6 13. Qd2 Bb7 14. Rad1 Qa5 15.
a3 Rfd8 16. Be3 Rd7 17. Qc2 Nd5 18. Nxd5 Rxd5 19. Rd2 Rad8 20. Rfd1 R8d7 21.
Qc3 Qxc3 22. bxc3 e5 23. dxe5 Rxd2 24. Rxd2 Rxd2 25. Bxd2 Nxe5 26. Nxe5 Bxe5
27. c4 1/2-1/2

[Event "Madrid-ch 2020-2021 - Previa A"]
[Site "Madrid ESP"]
[Date "2021.02.15"]
[Round "4.1"]
[White "Barahona Torrijos, Angel"]
[Black "Torres Rebolledo, Victor"]
[Result "1/2-1/2"]
[WhiteElo "1842"]
[BlackElo "1818"]
[PlyCount "115"]
[EventDate "2021.02.08"]
[EventType "swiss"]
[EventRounds "9"]
[EventCountry "ESP"]
[SourceTitle "Ajedrez en Madrd"]
[Source "lmi"]
[SourceDate "2021.02.08"]
[SourceVersion "1"]
[SourceVersionDate "2021.03.04"]
[SourceQuality "1"]

1. Nf3 Nf6 2. c4 e6 3. Nc3 d5 4. d4 Be7 5. Bg5 h6 6. Bf4 O-O 7. e3 a6 8. Ne5 c5
9. Rc1 dxc4 10. Bxc4 b5 11. Bd3 cxd4 12. exd4 Bb7 13. O-O Nbd7 14. g4 Nxe5 15.
Bxe5 b4 16. Na4 Nd5 17. Qe2 Bg5 18. Rc5 Bf4 19. f3 Rc8 20. Rxd5 Bxd5 21. Bxf4
Bc6 22. Nc5 Qxd4+ 23. Be3 Qe5 24. Bxa6 Rcd8 25. Nd3 Qa5 26. Bc4 Bb5 27. b3 Rc8
28. Rc1 Rfd8 29. Ne5 Bxc4 30. Nxc4 Qb5 31. Rd1 Qa6 32. Kf2 Rxd1 33. Qxd1 Qxa2+
34. Kg3 Rxc4 35. bxc4 b3 36. Qd8+ Kh7 37. Qd3+ Kg8 38. Bd4 b2 39. Bxb2 Qxb2 40.
Qd6 Qc1 41. Qd4 e5 42. Qd8+ Kh7 43. Qd3+ g6 44. Kf2 Qf4 45. Kg2 Qc1 46. h4 Kg7
47. Kf2 Qf4 48. Qe4 Qh2+ 49. Ke3 Qg1+ 50. Kd3 Qc5 51. Qd5 Qa3+ 52. Ke4 f6 53.
Qd7+ Kf8 54. Qh7 Qc3 55. Qxh6+ Kf7 56. Qh7+ Kf8 57. Qh8+ Kf7 58. Qh7+ 1/2-1/2

[Event "Madrid-ch 2020-2021 - Previa A"]
[Site "Madrid ESP"]
[Date "2021.02.15"]
[Round "4.2"]
[White "Morera Rodriguez, Ignacio"]
[Black "Vukotic Jovsic, Dragan"]
[Result "1-0"]
[WhiteElo "1924"]
[BlackElo "1879"]
[PlyCount "39"]
[EventDate "2021.02.08"]
[EventType "swiss"]
[EventRounds "9"]
[EventCountry "ESP"]
[SourceTitle "Ajedrez en Madrd"]
[Source "lmi"]
[SourceDate "2021.02.08"]
[SourceVersion "1"]
[SourceVersionDate "2021.03.04"]
[SourceQuality "1"]

1. d4 d5 2. c4 e6 3. Nf3 Nf6 4. g3 Be7 5. Bg2 O-O 6. O-O c6 7. Qc2 a5 8. Nbd2
Na6 9. a3 b5 10. c5 b4 11. e4 dxe4 12. Nxe4 Nxe4 13. Qxe4 Qd5 14. Ne5 Bb7 15.
Qg4 Qb3 16. Bh6 Bf6 17. Nd7 Kh8 18. Nxf6 gxh6 19. Qe4 Kg7 20. Nh5+ 1-0

[Event "Madrid-ch 2020-2021 - Previa A"]
[Site "Madrid ESP"]
[Date "2021.02.15"]
[Round "4.3"]
[White "Gutierrez Diaz, Pablo"]
[Black "De Luna Butz, Alberto"]
[Result "1/2-1/2"]
[WhiteElo "1879"]
[BlackElo "1691"]
[PlyCount "125"]
[EventDate "2021.02.08"]
[EventType "swiss"]
[EventRounds "9"]
[EventCountry "ESP"]
[SourceTitle "Ajedrez en Madrd"]
[Source "lmi"]
[SourceDate "2021.02.08"]
[SourceVersion "1"]
[SourceVersionDate "2021.03.04"]
[SourceQuality "1"]

1. e4 e6 2. d4 d5 3. Nd2 c5 4. dxc5 Bxc5 5. Nb3 Bb6 6. exd5 Qxd5 7. Qxd5 exd5
8. a4 a6 9. Nf3 Nc6 10. Be2 Bf5 11. c3 Bc2 12. Nbd2 O-O-O 13. O-O Nf6 14. b4
Rhe8 15. Bd1 Bd3 16. h3 Bxf1 17. Kxf1 Ne4 18. Nxe4 dxe4 19. Nd2 f5 20. Bb3 Bxf2
21. Nc4 e3 22. Ba3 Bg3 23. Ke2 b5 24. axb5 axb5 25. Nb6+ Kb7 26. Nd5 Ne7 27.
Rd1 Nxd5 28. Bxd5+ Kc7 29. Rd3 f4 30. Rd4 Kb6 31. Bb2 Re7 32. c4 bxc4 33. Bxc4
Red7 34. Rxd7 Rxd7 35. Bd3 Be1 36. Be5 g5 37. b5 Bb4 38. h4 h6 39. hxg5 hxg5
40. Bf6 Be7 41. Bc3 Kc5 42. Be5 Rb7 43. g3 Bd6 44. gxf4 gxf4 45. Bc3 Rh7 46.
Be1 Rh2+ 47. Kf3 Rb2 48. Be2 Rxb5 49. Bh4 Rb2 50. Bf1 Kd4 51. Be1 Be5 52. Ba6
Rh2 53. Bb7 Rb2 54. Ba6 Kc5 55. Ke4 Bb8 56. Bd3 Rh2 57. Bc3 e2 58. Kf3 Be5 59.
Be1 Kd4 60. Bxe2 Rxe2 61. Kxe2 Ke4 62. Bh4 f3+ 63. Kf1 1/2-1/2

[Event "Madrid-ch 2020-2021 - Previa A"]
[Site "Madrid ESP"]
[Date "2021.02.15"]
[Round "4.4"]
[White "Tapia Sanchez, Jose Manuel"]
[Black "Rico Jimenez, Samuel"]
[Result "0-1"]
[WhiteElo "1738"]
[BlackElo "1834"]
[PlyCount "106"]
[EventDate "2021.02.08"]
[EventType "swiss"]
[EventRounds "9"]
[EventCountry "ESP"]
[SourceTitle "Ajedrez en Madrd"]
[Source "lmi"]
[SourceDate "2021.02.08"]
[SourceVersion "1"]
[SourceVersionDate "2021.03.04"]
[SourceQuality "1"]

1. f4 Nc6 2. Nf3 d5 3. e3 g6 4. Bb5 Bg7 5. Bxc6+ bxc6 6. d4 Ba6 7. Nbd2 Nh6 8.
Nb3 O-O 9. Nc5 Qc8 10. b3 Rb8 11. a4 f6 12. Qd2 Re8 13. Bb2 Nf7 14. O-O-O e5
15. h4 exf4 16. exf4 Re2 17. Qa5 Qf5 18. Rd2 Rxd2 19. Nxd2 Be2 20. Re1 Qg4 21.
Qxc7 Rc8 22. Qd7 Qxd7 23. Nxd7 Bg4 24. Nc5 Bh6 25. g3 Nd6 26. Re7 Ra8 27. Kb1
Nf5 28. Re6 Rc8 29. Nd3 Nxg3 30. Re7 Ne2 31. Nf2 Bh5 32. Rxa7 Nxf4 33. Nf1 Ng2
34. a5 Nxh4 35. a6 Be2 36. Ng3 Bb5 37. Nd3 f5 38. Nc5 Bf4 39. Nh1 g5 40. Rb7
Bxa6 41. Nxa6 g4 42. Bc1 Bxc1 43. Kxc1 f4 44. Re7 Ra8 45. Nc5 Ra1+ 46. Kb2 Rxh1
47. Ne6 Nf5 48. Rc7 f3 49. Rxc6 f2 50. Rc8+ Kf7 51. Ng5+ Kg6 52. Rg8+ Ng7 53.
Ne6 f1=Q 0-1

[Event "Madrid-ch 2020-2021 - Previa A"]
[Site "Madrid ESP"]
[Date "2021.02.15"]
[Round "4.5"]
[White "Alonso Pardo, Daniel"]
[Black "Huerto Moreno, Jorge"]
[Result "0-1"]
[WhiteElo "1568"]
[BlackElo "1796"]
[PlyCount "84"]
[EventDate "2021.02.08"]
[EventType "swiss"]
[EventRounds "9"]
[EventCountry "ESP"]
[SourceTitle "Ajedrez en Madrd"]
[Source "lmi"]
[SourceDate "2021.02.08"]
[SourceVersion "1"]
[SourceVersionDate "2021.03.04"]
[SourceQuality "1"]

1. e4 e5 2. Nf3 Nc6 3. c3 Nf6 4. Qc2 d6 5. h3 g6 6. a3 Bg7 7. d4 exd4 8. cxd4
O-O 9. Bd3 Re8 10. O-O Bd7 11. Bg5 Qc8 12. Kh2 h6 13. Be3 b6 14. Nc3 Na5 15. b4
Nb7 16. Rac1 a5 17. Nb5 c6 18. Nc3 c5 19. dxc5 dxc5 20. bxc5 Nxc5 21. Bxc5 Qxc5
22. a4 Rac8 23. Qb1 Ng4+ 24. hxg4 Bxc3 25. Bb5 Bxb5 26. axb5 Qb4 27. Qa2 Qxb5
28. Rb1 Qc5 29. Qb3 Rxe4 30. Kg1 Rb4 31. Qc2 Rxb1 32. Rxb1 b5 33. Qd3 b4 34.
Qd7 Qc6 35. Qd3 a4 36. Rc1 a3 37. Qe3 Qe6 38. Qxh6 Bg7 39. Rxc8+ Qxc8 40. Qh3
a2 41. Ng5 a1=Q+ 42. Kh2 Qe5+ 0-1

[Event "Madrid-ch 2020-2021 - Previa A"]
[Site "Madrid ESP"]
[Date "2021.02.15"]
[Round "4.6"]
[White "Diaz-Roncero Gonzalez, Daniel"]
[Black "Giron Herranz, Juan"]
[Result "1-0"]
[WhiteElo "1552"]
[BlackElo "1796"]
[PlyCount "51"]
[EventDate "2021.02.08"]
[EventType "swiss"]
[EventRounds "9"]
[EventCountry "ESP"]
[SourceTitle "Ajedrez en Madrd"]
[Source "lmi"]
[SourceDate "2021.02.08"]
[SourceVersion "1"]
[SourceVersionDate "2021.03.04"]
[SourceQuality "1"]

1. e4 c5 2. Nf3 e6 3. b3 Nc6 4. e5 d5 5. Bb2 Qc7 6. Bd3 Nge7 7. O-O Ng6 8. Re1
a6 9. Qe2 Nf4 10. Qe3 Nxd3 11. Qxd3 Nb4 12. Qc3 Nc6 13. a3 b6 14. d4 Bb7 15.
Nbd2 Rc8 16. Qd3 cxd4 17. Nxd4 Be7 18. N2f3 O-O 19. Nxc6 Qxc6 20. Nd4 Qd7 21.
Re3 h6 22. Rg3 Rc7 23. Nf5 exf5 24. e6 Qxe6 25. Rxg7+ Kh8 26. Rxf7+ 1-0

[Event "Madrid-ch 2020-2021 - Previa A"]
[Site "Madrid ESP"]
[Date "2021.02.15"]
[Round "4.7"]
[White "Martin Garcia, Francisco Javier"]
[Black "Sanchez Romeralo, Jaime"]
[Result "0-1"]
[WhiteElo "1446"]
[BlackElo "1755"]
[PlyCount "98"]
[EventDate "2021.02.08"]
[EventType "swiss"]
[EventRounds "9"]
[EventCountry "ESP"]
[SourceTitle "Ajedrez en Madrd"]
[Source "lmi"]
[SourceDate "2021.02.08"]
[SourceVersion "1"]
[SourceVersionDate "2021.03.04"]
[SourceQuality "1"]

1. d4 Nf6 2. Nf3 c5 3. d5 e6 4. c4 exd5 5. cxd5 d6 6. Nc3 g6 7. e4 Bg7 8. h3
O-O 9. Bf4 Re8 10. Bd3 c4 11. Bc2 b5 12. a3 Nxe4 13. Nxe4 Bf5 14. Nfd2 Bxe4 15.
Bxe4 f5 16. O-O fxe4 17. Re1 Bxb2 18. Nxe4 Be5 19. Bxe5 Rxe5 20. Qf3 Kg7 21.
Qc3 Kg8 22. f4 Rf5 23. Ng5 Na6 24. Ne6 Qf6 25. Qa5 Nc5 26. Nxc5 Qd4+ 27. Kh1
Qxc5 28. Re7 Raf8 29. Qc3 R5f7 30. Rae1 Qxd5 31. Qa5 Rxe7 32. Rxe7 Rf7 33. Qd8+
Kg7 34. Re8 Rxf4 35. Qd7+ Rf7 36. Qd8 Rf2 37. Re7+ Kh6 38. Rxh7+ Kxh7 39. Qh4+
Kg7 40. Qxf2 Qc5 41. Qb2+ c3 42. Qe2 Kf6 43. Qf3+ Ke5 44. Qg3+ Kd5 45. Qd3+ Kc6
46. Qe4+ Kb6 47. Qa8 c2 48. Qb8+ Ka6 49. Qf8 c1=Q+ 0-1

[Event "Madrid-ch 2020-2021 - Previa A"]
[Site "Madrid ESP"]
[Date "2021.02.15"]
[Round "4.8"]
[White "Martin-Buitrago Lopez, Antonio"]
[Black "Giron Herranz, Ivan"]
[Result "1-0"]
[WhiteElo "1686"]
[BlackElo "1380"]
[PlyCount "95"]
[EventDate "2021.02.08"]
[EventType "swiss"]
[EventRounds "9"]
[EventCountry "ESP"]
[SourceTitle "Ajedrez en Madrd"]
[Source "lmi"]
[SourceDate "2021.02.08"]
[SourceVersion "1"]
[SourceVersionDate "2021.03.04"]
[SourceQuality "1"]

1. e4 c6 2. d4 d5 3. e5 Bf5 4. Nc3 e6 5. g4 Bg6 6. Nge2 Bb4 7. a3 Ba5 8. h4 Ne7
9. h5 Be4 10. Rh3 h6 11. b4 Bc7 12. Nxe4 dxe4 13. Nc3 a5 14. Be3 Nd5 15. Nxe4
Nxe3 16. Rxe3 axb4 17. axb4 Nd7 18. Rea3 Rxa3 19. Rxa3 O-O 20. Qf3 f5 21. exf6
Nxf6 22. c3 Qd5 23. Nxf6+ Rxf6 24. Qxd5 exd5 25. Bd3 Bf4 26. Bg6 Bb8 27. Ke2
Rf8 28. b5 cxb5 29. Rb3 Rf6 30. Rxb5 Rc6 31. Rxd5 Rd6 32. Rb5 b6 33. Kd3 Bc7
34. Rb1 Rf6 35. Re1 Rxf2 36. Re8+ Rf8 37. Re7 Bd6 38. Rd7 Ba3 39. Rb7 Rf6 40.
Rb8+ Bf8 41. d5 Rf3+ 42. Kc4 Rf4+ 43. Kb5 Rf6 44. Rxb6 Rxb6+ 45. Kxb6 Ba3 46.
c4 Kf8 47. c5 Bxc5+ 48. Kxc5 1-0

[Event "Madrid-ch 2020-2021 - Previa A"]
[Site "Madrid ESP"]
[Date "2021.02.15"]
[Round "4.11"]
[White "De Fuenmayor Fernandez de la , Carlos Pablo"]
[Black "Torres Rebolledo, Marcos"]
[Result "1-0"]
[WhiteElo "1386"]
[BlackElo "1334"]
[PlyCount "55"]
[EventDate "2021.02.08"]
[EventType "swiss"]
[EventRounds "9"]
[EventCountry "ESP"]
[SourceTitle "Ajedrez en Madrd"]
[Source "lmi"]
[SourceDate "2021.02.08"]
[SourceVersion "1"]
[SourceVersionDate "2021.03.04"]
[SourceQuality "1"]

1. c4 e6 2. g3 d5 3. Bg2 Nf6 4. Nc3 Be7 5. Nf3 O-O 6. O-O c5 7. cxd5 exd5 8. d4
Nc6 9. Bg5 h6 10. Bxf6 Bxf6 11. e3 Bg4 12. Qb3 Be6 13. Qxb7 Na5 14. Qb5 c4 15.
b4 Nb7 16. Qxb7 Rb8 17. Qxa7 Ra8 18. Qb7 Qd6 19. Nb5 Qd8 20. Qc7 Qe8 21. a4 Bd8
22. Qb7 Be7 23. Nc7 Rb8 24. Qa6 Qd7 25. Nxe6 fxe6 26. Ne5 Qc8 27. Qxc8 Rfxc8
28. Bh3 1-0